Performance tests of intelligence (Record no. 1325233)

MARC details
000 -LEADER
fixed length control field 00622nam a2200217Ia 4500
005 - DATE AND TIME OF LATEST TRANSACTION
control field 20250508150720.0
008 - FIXED-LENGTH DATA ELEMENTS--GENERAL INFORMATION
fixed length control field 008 250505s9999 xx 000 0 hin d
037 ## - SOURCE OF ACQUISITION
Stock number Textual
040 ## - CATALOGING SOURCE
Original cataloging agency FEDL
Language of cataloging eng
Transcribing agency FEDL
041 ## - LANGUAGE CODE
Language code of text/sound track or separate title hin
Source of code eng
084 ## - COLON CLASSIFICATION NUMBER
Classification number 153.93, DRE
Assigning agency FEDL
100 ## - MAIN ENTRY--PERSONAL NAME
Personal name Drever James
245 #0 - TITLE STATEMENT
Title Performance tests of intelligence
250 ## - EDITION STATEMENT
Edition statement 3rd
260 ## - PUBLICATION, DISTRIBUTION, ETC.
Place of publication, distribution, etc. Edinburgh
Name of publisher, distributor, etc. Oliver and Boyd
Date of publication, distribution, etc. 1946
300 ## - PHYSICAL DESCRIPTION
Extent 59p.
490 ## - SERIES STATEMENT
Series statement Series of non-linguistic tests for deaf and normal children
700 ## - ADDED ENTRY--PERSONAL NAME
Personal name Collins Mary
9 (RLIN) 757444
942 ## - ADDED ENTRY ELEMENTS (KOHA)
Koha item type Textual
Classification part 153.93, DRE
Holdings
Withdrawn status Lost status Damaged status Not for loan Home library Current library Date acquired Total Checkouts Full call number Barcode Date last seen Price effective from Koha item type
        Department of Education Library Department of Education Library 2025-05-08   153.93, DRE EL0004625 2025-05-08 2025-05-08 Textual
Copyright @ Delhi University Library System